000 00529nam a22002057a 4500
003 OSt
005 20180119144744.0
008 180119b xxu||||| |||| 00| 0 eng d
020 _a9781133607380
040 _cDNLM
082 _a001.42 RIO 2014
100 _aRiordan, Daniel G.
_912377
245 _aTechnical Report Writing Today
250 _a9th ed.
260 _aAustralia; Wadsworth, 2014
300 _axxviii,611p; col.ill: 23cm
504 _aIndex included
650 _aResearch methods
_92296
942 _2z
_cB_BANK
999 _c5966
_d5966